000 00461nam a22001937a 4500
003 MPLRDC
005 20220104124601.0
008 210129b ||||| |||| 00| 0 eng d
020 _a7-5395-0530-3
082 _a859.4 DZ
100 _a戴臻著
245 _a南极来的小企鹅
_c
250 _a一版二刷
260 _a
_b福建少年儿童出版社
_c1992
300 _b
490 _a童话列车丛书
650 _a
942 _cBK
_o859.4 DZ
999 _c20504
_d20494